000 00819nam a2200277 a 4500
001 58078
003 CO-BoRNBP
005 20250814230217.0
007 ta
008 140329s2012 sp a gr 00010dspa d
020 _a9788415208242
040 _aCO-BoBLA
_bspa
_cCO-BoBLA
041 1 _aspa
_hfre
082 0 4 _a028.5
_bB51n
_221
100 1 _aBlanchet, Pascal.
_961993
245 1 0 _aNocturno /
_cpor Pascal Blanchet ; traducción del francés Barbara Fiore.
250 _a1a. edición
300 _a[204] páginas :
_bilustraciones ;
_c21 cm.
336 _2rdacontent
_atexto
_btxt
337 _2rdamedia
_asin mediación
_bn
338 _2rdacarrier
_avolumen
_bnc
650 7 _aLibros ilustrados.
_2BLAAUTO
700 1 _aFiore, Barbara,
_etraductora.
_962390
942 _2ddc
_cBK
949 _an
_bn
999 _c58078
_d58078